000 01208nam a22003137a 4500
999 _c20493
_d20493
005 20191015083418.0
008 191015b xxu||||| |||| 00| 0 spa d
022 _a21456097
040 _aCO-BoIAVH
_cCO-BoIAVH
041 _aspa
041 _aeng
041 _apor
044 _ack
082 _a631.45
_bG44r
100 _aGiraldo Díaz, Reinaldo
_eeditor
245 1 _aRevista de investigación agraria y ambiental
_bVolumen 8 Número 1
260 _aBogotá:
_bEscuela de Ciencias Agrícolas, Pecuarias y del Medio Ambiente. Universidad Nacional Abierta y a Distancia (UNAD),
_c2017.
300 _a263 Páginas
_bfotografías, gráficos y tablas
_c28 x 21 cm
490 _aRevista de investigación Agraria y ambiental
_vVolumen 8 Número 1 Enero - Junio de 2017
500 _aIncluye anexos
650 0 _aErosión
_xSuelos
_zColombia
650 0 _aErosión hídrica
_zColombia
650 0 _aInvestigación científica
650 0 _aProducción animal
650 0 _aZonas rurales
_zColombia
700 _aNieto Gómez, Libia Esperanza
_eEditor
856 _uhttp://hemeroteca.unad.edu.co/index.php/riaa/index
942 _2ddc
_cLIBRO